000 01136nam a22003137a 4500
001 698
005 20230630143726.0
008 230630b cb ||||| |||| 00| 0 eng d
020 _a0688066453
040 _aDLC
_cDLC
_dDLC
_beng
050 0 0 _aPZ7.W17125
_bJu 1986
082 0 0 _a[Fic]
_219
100 1 _aWalter, Mildred Pitts.
245 1 0 _aJustin and the best biscuits in the world /
_cMildred Pitts Walter ; with illustrations by Catherine Stock.
260 _aNew York :
_bScholastic,
_c1986.
300 _a122 pages :
_billustrations ;
_c20 cm.
505 _aP
520 _aSuffering in a family full of females, ten-year-old Justin feels that cleaning and keeping house are women's work until he spends time on his beloved grandfather's ranch.
521 _a620
_bLexile
521 _aP
_bRaz-Plus
650 1 _aSex role
_vFiction.
650 1 _aGrandfathers
_vFiction.
650 1 _aRanch life
_vFiction.
650 1 _aFamily life
_vFiction.
650 1 _aAfrican Americans
_vFiction.
700 1 _aStock, Catherine,
_eillustrator.
906 _a7
_bcbc
_corignew
_d1
_eocip
_f19
_gy-gencatlg
942 _2ddc
_cBK
_n0
999 _c698
_d698